[Event "VIE Cup (Women)"]
[Site "Hanoi"]
[Date "2021.??.??"]
[Round "4"]
[White "Ton, Nu Hong An"]
[Black "Bui, Thi Diep Anh"]
[Result "1/2-1/2"]
[WhiteElo "1875"]
[BlackElo "1756"]
[PlyCount "39"]
[EventDate "2021.05.03"]
[EventType "swiss"]
[EventRounds "9"]
[EventCountry "VIE"]
[SourceTitle "EXT 2022"]
[Source "ChessBase"]
[SourceDate "2021.10.06"]
[SourceVersion "1"]
[SourceVersionDate "2021.10.06"]
[SourceQuality "1"]

1. d4 Nf6 2. c4 g6 3. Nc3 d5 4. cxd5 Nxd5 5. e4 Nxc3 6. bxc3 Bg7 7. Bc4 0-0 8. Ne2 c6 9. f3 Nd7 10. 0-0 Nb6 11. Bb3 Bd7 12. Be3 Qc7 13. Qd2 Rad8 14. Bh6 e5 15. Bxg7 Kxg7 16. Kh1 exd4 17. cxd4 Rfe8 18. Rac1 Be6 19. Bxe6 Rxe6 20. Qb2 1/2-1/2

[Event "VIE-chT (Women)"]
[Site "Bac Giang"]
[Date "2020.06.08"]
[Round "5.17"]
[White "Nguyen, Thi Hong Chau1111"]
[Black "Ton, Nu Hong An"]
[Result "0-1"]
[WhiteElo "1366"]
[BlackElo "1875"]
[PlyCount "112"]
[EventDate "2020.06.06"]
[EventType "swiss"]
[EventRounds "9"]
[EventCountry "VIE"]
[SourceTitle "CBM 197 Extra"]
[Source "ChessBase"]
[SourceDate "2020.09.30"]
[SourceVersion "1"]
[SourceVersionDate "2020.09.30"]
[SourceQuality "1"]

1. d4 Nf6 2. c4 g6 3. Nf3 Bg7 4. Bf4 d6 5. Nc3 0-0 6. h3 Nbd7 7. e3 c5 8. Be2 Qa5 9. 0-0 a6 10. a3 cxd4 11. exd4 e5 12. b4 Qc7 13. Bh2 Re8 14. Qd2 b6 15. Rad1 Bb7 16. dxe5 dxe5 17. Nd4 Rad8 18. Qc2 Qc8 19. Nb3 Qa8 20. f3 e4 21. Rd6 exf3 22. Bxf3 Bxf3 23. Rxf3 Re1+ 24. Rf1 Re3 25. Nd1 Re7 26. Nd4 Rde8 27. Nf3 Ne4 28. Rd3 Qc6 29. Re3 f5 30. Nf2 Nxf2 31. Rxe7 Nxh3+ 32. Kh1 Rxe7 33. gxh3 Re3 34. Qf2 Rxa3 35. Kg1 Qxc4 36. Qd2 Rd3 37. Qe2 Nf6 38. Ne5 Qd4+ 39. Kh1 Rd2 40. Qe1 Qd5+ 41. Nf3 Rd3 42. Qe2 Ne4 43. Kg1 Bd4+ 44. Kg2 Be3 45. Kh1 Ng5 46. Bg1 Bxg1 47. Kxg1 Nxf3+ 48. Rxf3 Rxf3 49. Qe8+ Kg7 50. Qe7+ Qf7 51. Qe5+ Kh6 52. Kg2 Qb3 53. Qe2 Rg3+ 54. Kf2 f4 55. h4 Rh3 56. Kg1 Qb1+ 0-1

[Event "VIE-chT (Women)"]
[Site "Ho Chi Minh City"]
[Date "2019.09.30"]
[Round "7.6"]
[White "Ton, Nu Hong An"]
[Black "Nguyen, Thi Thu Huyen"]
[Result "1/2-1/2"]
[WhiteElo "1875"]
[BlackElo "2085"]
[PlyCount "61"]
[EventDate "2019.09.26"]
[EventType "swiss"]
[EventRounds "9"]
[EventCountry "VIE"]
[SourceTitle "EXT 2020"]
[Source "ChessBase"]
[SourceDate "2019.10.17"]
[SourceVersion "1"]
[SourceVersionDate "2019.10.17"]
[SourceQuality "1"]

1. d4 d5 2. c4 c6 3. cxd5 cxd5 4. Bf4 Nc6 5. Nc3 Nf6 6. e3 e6 7. Nf3 Be7 8. Bd3 0-0 9. h3 b6 10. Rc1 Bb7 11. 0-0 Rc8 12. Ne5 Nb4 13. Bb1 Ne4 14. a3 Nxc3 15. Rxc3 Rxc3 16. bxc3 Nc6 17. Qa4 Nxe5 18. Bxe5 a6 19. c4 dxc4 20. Qxc4 Qd5 21. Qxd5 Bxd5 22. Bd3 b5 23. e4 Bb7 24. Ra1 f6 25. Bf4 Rc8 26. Bd2 Kf7 27. Kf1 g6 28. Ke2 f5 29. f3 Bf6 30. e5 Be7 31. g3 1/2-1/2

[Event "VIE-chT (Women)"]
[Site "Ho Chi Minh City"]
[Date "2019.09.27"]
[Round "2.3"]
[White "Luong, Phuong Hanh"]
[Black "Ton, Nu Hong An"]
[Result "1-0"]
[WhiteElo "2293"]
[BlackElo "1875"]
[PlyCount "101"]
[EventDate "2019.09.26"]
[EventType "swiss"]
[EventRounds "9"]
[EventCountry "VIE"]
[SourceTitle "EXT 2020"]
[Source "ChessBase"]
[SourceDate "2019.10.17"]
[SourceVersion "1"]
[SourceVersionDate "2019.10.17"]
[SourceQuality "1"]

1. d4 Nf6 2. Nf3 e6 3. Bf4 b6 4. e3 Bb7 5. Nbd2 d6 6. Bd3 Nbd7 7. e4 g6 8. e5 Nh5 9. Bg5 Be7 10. Bh6 Bf8 11. Bxf8 Rxf8 12. exd6 cxd6 13. 0-0 Nf4 14. Ne4 Qe7 15. Qd2 Nxd3 16. cxd3 Nf6 17. Qc2 Nd5 18. Qa4+ Kd8 19. Qa3 Kd7 20. Rfe1 Rfc8 21. Rac1 a6 22. Qa4+ b5 23. Qb3 Nf4 24. Rxc8 Rxc8 25. g3 Nd5 26. h4 h6 27. a4 b4 28. Qd1 a5 29. Ned2 Nb6 30. Nb3 Qf6 31. Nfd2 Qf5 32. Qe2 Rc2 33. Qe3 g5 34. hxg5 hxg5 35. Ne4 Rxb2 36. d5 Nc8 37. Nd4 Qh3 38. Nf6+ Kd8 39. Qxg5 e5 40. Ne4+ Kd7 41. Qc1 Ra2 42. Nb5 Bxd5 43. Nf6+ Ke7 44. Nxd5+ Kf8 45. Qc4 Rd2 46. Rc1 Kg7 47. Ne3 Nb6 48. Qe4 Nxa4 49. Nf5+ Kf6 50. Nfxd6 Nb2 51. Qf3+ 1-0

[Event "VIE-chT (Women)"]
[Site "Ho Chi Minh City"]
[Date "2019.09.26"]
[Round "1.23"]
[White "Ton, Nu Hong An"]
[Black "Nguyen, Thuy Duong"]
[Result "1-0"]
[WhiteElo "1875"]
[BlackElo "1824"]
[PlyCount "67"]
[EventDate "2019.09.26"]
[EventType "swiss"]
[EventRounds "9"]
[EventCountry "VIE"]
[SourceTitle "EXT 2020"]
[Source "ChessBase"]
[SourceDate "2019.10.17"]
[SourceVersion "1"]
[SourceVersionDate "2019.10.17"]
[SourceQuality "1"]

1. d4 Nf6 2. c4 e6 3. Nc3 d5 4. Bg5 Be7 5. cxd5 exd5 6. Qc2 b6 7. e3 Nbd7 8. Bd3 Bb7 9. Nge2 h6 10. Bh4 c5 11. f3 a6 12. 0-0 0-0 13. Kh1 Kh8 14. Bf5 Nh5 15. Bf2 g5 16. e4 Ndf6 17. Rad1 c4 18. e5 Nd7 19. g4 Nf4 20. Bg3 Ne6 21. Bxe6 Kg7 22. Bxd5 Bxd5 23. Nxd5 Rc8 24. f4 Rh8 25. f5 f6 26. Nxe7 Qxe7 27. e6 Nb8 28. d5 h5 29. Qe4 hxg4 30. d6 Qd8 31. d7 Nxd7 32. Rxd7+ Qxd7 33. exd7 Rcf8 34. Bc7 1-0

[Event "VIE-chB (Women)"]
[Site "Ba Dinh"]
[Date "2018.12.03"]
[Round "8"]
[White "Vu, Bui Thi Thanh Van"]
[Black "Ton, Nu Hong An"]
[Result "1-0"]
[WhiteElo "1731"]
[BlackElo "1902"]
[PlyCount "99"]
[EventDate "2018.11.28"]
[EventType "swiss"]
[EventRounds "9"]
[EventCountry "VIE"]
[SourceTitle "EXT 2021"]
[Source "ChessBase"]
[SourceDate "2020.10.23"]
[SourceVersion "1"]
[SourceVersionDate "2020.10.23"]
[SourceQuality "1"]

1. d4 Nf6 2. Nf3 e6 3. Nbd2 c5 4. e3 b6 5. Bd3 Nc6 6. c3 Bb7 7. 0-0 Be7 8. a3 0-0 9. e4 d6 10. Re1 Rc8 11. Nf1 cxd4 12. cxd4 e5 13. d5 Nb8 14. Ne3 Re8 15. Qe2 g6 16. Bd2 Bf8 17. a4 a5 18. Nc4 Bxd5 19. exd5 e4 20. Bg5 exd3 21. Qxd3 Rxe1+ 22. Rxe1 Nbd7 23. Qd4 Rc5 24. Ne3 Bg7 25. Qd3 Qc7 26. h3 Rc1 27. Rd1 Rxd1+ 28. Nxd1 Nc5 29. Qc4 Nfe4 30. Be3 f5 31. Nd4 Be5 32. Nc6 Qf7 33. f3 f4 34. Nxe5 dxe5 35. Bxc5 Nxc5 36. Nc3 Kg7 37. Qb5 Qf6 38. Qc6 Qh4 39. Qc7+ Kh6 40. Qxe5 Nd3 41. Qe2 Nxb2 42. d6 Qf6 43. Qxb2 Qxd6 44. Ne4 Qd1+ 45. Kh2 Qxa4 46. Qxb6 Qa3 47. Qf6 Qe3 48. Qf8+ Kh5 49. Nf6+ Kg5 50. Nxh7+ 1-0

[Event "VIE Cup (Women)"]
[Site "Bac Giang"]
[Date "2018.06.04"]
[Round "8"]
[White "Doan, Thi Van Anh"]
[Black "Ton, Nu Hong An"]
[Result "1-0"]
[WhiteElo "1968"]
[BlackElo "1943"]
[PlyCount "77"]
[EventDate "2018.05.30"]
[EventType "swiss"]
[EventRounds "9"]
[EventCountry "VIE"]
[SourceTitle "CBM 184 Extra"]
[Source "ChessBase"]
[SourceDate "2018.06.28"]
[SourceVersion "1"]
[SourceVersionDate "2018.06.28"]
[SourceQuality "1"]

1. d4 Nf6 2. c4 e6 3. Nc3 Bb4 4. Qc2 c5 5. dxc5 Bxc5 6. Nf3 Qb6 7. e3 0-0 8. a3 Be7 9. e4 d6 10. Be3 Qd8 11. Rd1 Nbd7 12. Bf4 e5 13. Bc1 Qc7 14. Be2 a6 15. 0-0 b6 16. h3 Bb7 17. Rfe1 Rac8 18. Bf1 Nc5 19. Bg5 Ne6 20. Be3 b5 21. b3 bxc4 22. Bxc4 Nc5 23. Bxc5 Qxc5 24. Qa2 Qa5 25. Re3 Rc7 26. Ng5 Qb6 27. b4 Nd5 28. Bxd5 Bxg5 29. Red3 Rfc8 30. Qb3 h6 31. g3 Bc6 32. h4 Bf6 33. Rf3 Be8 34. Rd2 a5 35. b5 a4 36. Qb4 Qc5 37. b6 Qxb4 38. axb4 Rxc3 39. Rxc3 1-0

[Event "VIE Cup (Women)"]
[Site "Bac Giang"]
[Date "2018.06.03"]
[Round "7"]
[White "Nguyen, Truong Bao Tran"]
[Black "Ton, Nu Hong An"]
[Result "0-1"]
[WhiteElo "1873"]
[BlackElo "1943"]
[PlyCount "142"]
[EventDate "2018.05.30"]
[EventType "swiss"]
[EventRounds "9"]
[EventCountry "VIE"]
[SourceTitle "CBM 184 Extra"]
[Source "ChessBase"]
[SourceDate "2018.06.28"]
[SourceVersion "1"]
[SourceVersionDate "2018.06.28"]
[SourceQuality "1"]

1. d4 Nf6 2. c4 e6 3. Nf3 b6 4. g3 Ba6 5. Qa4 Be7 6. Nc3 Bb7 7. Bg2 0-0 8. 0-0 d5 9. Ne5 c6 10. Rd1 Nfd7 11. cxd5 cxd5 12. Nxd7 Qxd7 13. Qxd7 Nxd7 14. Bf4 g5 15. Be3 Rac8 16. Rac1 a6 17. a4 f5 18. Rc2 Kg7 19. Rdc1 f4 20. Bd2 Bd6 21. e4 fxe3 22. Bxe3 h6 23. Bh3 Kf7 24. Ne2 Nf6 25. f3 Rxc2 26. Rxc2 Rc8 27. Rxc8 Bxc8 28. Nc3 Nd7 29. Kf2 Bb4 30. Na2 Bd6 31. Bf1 Nb8 32. Nc1 Bd7 33. b3 Ke7 34. Be2 Be8 35. Bd3 Ba3 36. Ne2 Nc6 37. h4 Kf6 38. hxg5+ hxg5 39. Bd2 Bb4 40. Be3 Na5 41. f4 g4 42. Nc1 Ba3 43. Bxa6 Bxc1 44. Bxc1 Nxb3 45. Be3 Bxa4 46. Be2 b5 47. Bxg4 Na5 48. Be2 b4 49. Ke1 Bc2 50. Kd2 b3 51. Kc3 Be4 52. Bc1 Nc6 53. Bd1 Bc2 54. Bxc2 bxc2 55. g4 Na5 56. Kxc2 Nc4 57. Kd3 Kg6 58. Be3 Nd6 59. Bf2 Ne4 60. Bh4 Nd6 61. Be7 Ne4 62. Ke3 Kf7 63. Bb4 Kg6 64. Be7 Kf7 65. Bh4 Kg6 66. Kd3 Nd6 67. Kc2 Nf7 68. g5 Kf5 69. Kd3 Kxf4 70. g6 Nh6 71. Be7 Kf5 0-1

[Event "VIE Cup (Women)"]
[Site "Bac Giang"]
[Date "2018.05.31"]
[Round "3"]
[White "Vo, Thi Kim Phung"]
[Black "Ton, Nu Hong An"]
[Result "1-0"]
[WhiteElo "2376"]
[BlackElo "1943"]
[PlyCount "93"]
[EventDate "2018.05.30"]
[EventType "swiss"]
[EventRounds "9"]
[EventCountry "VIE"]
[SourceTitle "CBM 184 Extra"]
[Source "ChessBase"]
[SourceDate "2018.06.28"]
[SourceVersion "1"]
[SourceVersionDate "2018.06.28"]
[SourceQuality "1"]

1. d4 Nf6 2. c4 e6 3. Nc3 Bb4 4. Qc2 c5 5. dxc5 Bxc5 6. Nf3 Qb6 7. e3 0-0 8. a3 Be7 9. e4 d6 10. Be3 Qc7 11. Nb5 Qc6 12. e5 Ng4 13. Bg5 f6 14. exf6 Bxf6 15. Bxf6 Rxf6 16. h3 Nh6 17. Bd3 g6 18. 0-0-0 Na6 19. b4 Bd7 20. Be4 d5 21. Ne5 Qc8 22. Nxd7 Qxd7 23. Nc3 d4 24. Qd2 Qe7 25. Qxd4 Raf8 26. f3 Nxb4 27. axb4 Qxb4 28. Kc2 b6 29. Rb1 Qe7 30. Rhd1 R6f7 31. g4 Qh4 32. Qd6 Rf6 33. Qe7 R8f7 34. Rd8+ Kg7 35. Qe8 Rf8 36. Rd7+ Nf7 37. Qe7 Kg8 38. Rxa7 Kg7 39. Rd1 Rc8 40. Kb3 Qg3 41. Rdd7 Qe5 42. Qd6 Qxd6 43. Rxd6 Kh6 44. h4 g5 45. Rxf7 Rxf7 46. Rxe6+ Kg7 47. hxg5 1-0

[Event "VIE Cup (Women)"]
[Site "Bac Giang"]
[Date "2018.05.30"]
[Round "1"]
[White "Nguyen, Phuc Yen Nhi"]
[Black "Ton, Nu Hong An"]
[Result "0-1"]
[WhiteElo "1255"]
[BlackElo "1943"]
[PlyCount "70"]
[EventDate "2018.05.30"]
[EventType "swiss"]
[EventRounds "9"]
[EventCountry "VIE"]
[SourceTitle "CBM 184 Extra"]
[Source "ChessBase"]
[SourceDate "2018.06.28"]
[SourceVersion "1"]
[SourceVersionDate "2018.06.28"]
[SourceQuality "1"]

1. e4 e5 2. Nf3 Nc6 3. d4 exd4 4. Nxd4 Nf6 5. Nc3 Bb4 6. Nxc6 bxc6 7. Bd3 0-0 8. 0-0 d5 9. exd5 cxd5 10. Bf4 Be6 11. a3 Bd6 12. Bxd6 Qxd6 13. Re1 c5 14. b3 Rad8 15. Qe2 Rfe8 16. Qf1 Ng4 17. g3 Ne5 18. Be2 Bf5 19. Ra2 Qf6 20. Qg2 Be4 21. Nxe4 dxe4 22. Raa1 Nf3+ 23. Bxf3 exf3 24. Qf1 Re2 25. Rad1 Rde8 26. a4 h5 27. Rc1 Qg5 28. Red1 h4 29. c3 hxg3 30. hxg3 R8e6 31. c4 Rh6 32. Rd5 f5 33. Rcd1 Qh5 34. Rd8+ Kh7 35. R8d6 Qh2# 0-1

[Event "VIE-ch (Women)"]
[Site "Ho Chi Minh City"]
[Date "2018.05.03"]
[Round "9"]
[White "Hoang, Thi Hai Anh"]
[Black "Ton, Nu Hong An"]
[Result "1-0"]
[WhiteElo "1892"]
[BlackElo "1943"]
[PlyCount "73"]
[EventDate "2018.04.27"]
[EventType "swiss"]
[EventRounds "9"]
[EventCountry "VIE"]
[SourceTitle "CBM 184 Extra"]
[Source "ChessBase"]
[SourceDate "2018.06.28"]
[SourceVersion "1"]
[SourceVersionDate "2018.06.28"]
[SourceQuality "1"]

1. d4 Nf6 2. Nf3 e6 3. g3 b6 4. c4 Ba6 5. Qc2 Bb4+ 6. Bd2 Bxd2+ 7. Nbxd2 c5 8. Bg2 Nc6 9. dxc5 bxc5 10. 0-0 0-0 11. Rfd1 Qb6 12. e3 Rab8 13. b3 d5 14. Rac1 Rfc8 15. a3 dxc4 16. bxc4 Qa5 17. Ne4 Nxe4 18. Qxe4 Qc7 19. Ng5 g6 20. Qh4 h5 21. Ne4 Ne5 22. Nf6+ Kg7 23. f4 Ng4 24. Rd7 Qa5 25. Nxh5+ Kg8 26. Qxg4 Rd8 27. Qg5 Rxd7 28. Nf6+ Kg7 29. Nxd7 Qd2 30. Qe5+ Kh7 31. Nf6+ Kh6 32. Qc3 Qe2 33. Re1 Qa2 34. Ng4+ Kh7 35. Qf6 Rb2 36. Qxf7+ Kh8 37. Qf8+ 1-0

[Event "VIE-ch (Women)"]
[Site "Ho Chi Minh City"]
[Date "2018.05.02"]
[Round "8"]
[White "Ton, Nu Hong An"]
[Black "Nguyen, Thien Ngan"]
[Result "0-1"]
[WhiteElo "1943"]
[BlackElo "1670"]
[PlyCount "140"]
[EventDate "2018.04.27"]
[EventType "swiss"]
[EventRounds "9"]
[EventCountry "VIE"]
[SourceTitle "CBM 184 Extra"]
[Source "ChessBase"]
[SourceDate "2018.06.28"]
[SourceVersion "1"]
[SourceVersionDate "2018.06.28"]
[SourceQuality "1"]

1. d4 d5 2. c4 e6 3. Nc3 c5 4. cxd5 exd5 5. Nf3 Nc6 6. e3 Nf6 7. dxc5 Bxc5 8. Bb5 0-0 9. 0-0 a6 10. Bxc6 bxc6 11. Qa4 Qc7 12. b4 Bd6 13. h3 Bd7 14. Qb3 Rab8 15. a3 a5 16. b5 cxb5 17. Nxd5 Nxd5 18. Qxd5 Bc6 19. Qf5 Bxf3 20. Qxf3 Bh2+ 21. Kh1 Be5 22. Ra2 Qc4 23. Qe2 Rfd8 24. f4 Bf6 25. e4 Qxe2 26. Rxe2 Bc3 27. Bb2 b4 28. axb4 axb4 29. Rf3 Bxb2 30. Rxb2 Rd4 31. e5 Kf8 32. f5 Re4 33. e6 Ke7 34. exf7 Kxf7 35. Kh2 Rb5 36. g4 Kf6 37. Kg3 h5 38. Rd3 hxg4 39. hxg4 Kg5 40. Rd7 Rxg4+ 41. Kh3 Re4 42. Rxg7+ Kxf5 43. Rg3 Rf4 44. Re3 Re4 45. Rd3 Rf4 46. Re3 Rb6 47. Rbb3 Re4 48. Red3 Ke5 49. Kg3 Rd4 50. Re3+ Kd5 51. Rb1 Kc4 52. Rc1+ Kb5 53. Kf3 Rbd6 54. Ke2 Rd2+ 55. Ke1 R2d3 56. Re7 Rb6 57. Ke2 Rh3 58. Rb1 Rc3 59. Rd7 b3 60. Rd4 Kc5 61. Rd7 Kb4 62. Kd2 Rh3 63. Rd8 Rh2+ 64. Kd3 b2 65. Rd7 Kb3 66. Rg7 Ka2 67. Rgg1 Rh3+ 68. Kd2 Rd6+ 69. Kc2 Rc6+ 70. Kd2 Rh2+ 0-1

[Event "VIE-chT (Women)"]
[Site "Ho Chi Minh City"]
[Date "2017.07.28"]
[Round "8.19"]
[White "Ton, Nu Hong An"]
[Black "Ngo, Thi My Duyen"]
[Result "1-0"]
[WhiteElo "1977"]
[BlackElo "1378"]
[PlyCount "51"]
[EventDate "2017.07.24"]
[EventType "team-swiss"]
[EventRounds "9"]
[EventCountry "VIE"]
[SourceTitle "EXT 2019"]
[Source "ChessBase"]
[SourceDate "2018.10.10"]
[SourceVersion "1"]
[SourceVersionDate "2018.10.10"]
[SourceQuality "1"]

1. d4 d5 2. c4 e6 3. Nc3 Nf6 4. Bg5 Be7 5. cxd5 exd5 6. Qc2 Nbd7 7. e3 c6 8. Bd3 Nh5 9. Bxe7 Qxe7 10. Nge2 h6 11. g4 Nhf6 12. h3 c5 13. Nf4 c4 14. Bf5 Nb6 15. h4 Bd7 16. 0-0-0 Bxf5 17. Qxf5 g6 18. Qc2 0-0-0 19. Kb1 Nxg4 20. Ncxd5 Nxd5 21. Nxd5 Rxd5 22. Qxc4+ Kb8 23. Qxd5 Nxf2 24. Rdf1 Nxh1 25. Rxf7 Qb4 26. Qe5+ 1-0

[Event "VIE-chT (Women)"]
[Site "Ho Chi Minh City"]
[Date "2017.07.27"]
[Round "6.9"]
[White "Ton, Nu Hong An"]
[Black "Tran, Phan Bao Khanh"]
[Result "1/2-1/2"]
[WhiteElo "1977"]
[BlackElo "1779"]
[PlyCount "165"]
[EventDate "2017.07.24"]
[EventType "team-swiss"]
[EventRounds "9"]
[EventCountry "VIE"]
[SourceTitle "EXT 2019"]
[Source "ChessBase"]
[SourceDate "2018.10.10"]
[SourceVersion "1"]
[SourceVersionDate "2018.10.10"]
[SourceQuality "1"]

1. d4 d5 2. c4 e6 3. Nc3 Be7 4. Nf3 Nf6 5. e3 0-0 6. Bd3 b6 7. cxd5 exd5 8. 0-0 Bb7 9. Nh4 Re8 10. Qf3 Nbd7 11. Nf5 Nf8 12. Qg3 Ne6 13. f4 Ne4 14. Bxe4 dxe4 15. Nxe7+ Qxe7 16. f5 Nd8 17. f6 Qf8 18. fxg7 Qxg7 19. Qxc7 Re6 20. Bd2 Rc8 21. Qf4 Rg6 22. Rf2 Ne6 23. Qf5 Nxd4 24. exd4 e3 25. Bxe3 Rxg2+ 26. Kf1 Rg1+ 27. Ke2 Rxa1 28. Nd5 Kh8 29. Bg5 Rc2+ 30. Qxc2 Qxg5 31. Ne3 Qb5+ 32. Nc4 Rxa2 33. Ke3 Qg5+ 34. Rf4 Ra1 35. Qf2 Bd5 36. Ne5 Rg1 37. Nf3 Bxf3 38. Qxf3 Re1+ 39. Kd2 Re6 40. h4 Qg1 41. Re4 Qh2+ 42. Kc3 Rc6+ 43. Kb3 Qc2+ 44. Ka2 b5 45. Re8+ Kg7 46. Qg3+ Qg6 47. Qe5+ Kh6 48. Qe3+ Kg7 49. Re5 h6 50. Rxb5 Re6 51. Qc3 Ra6+ 52. Kb3 Rc6 53. Rc5 Rb6+ 54. Kc4 Qg4 55. b4 Qxh4 56. Kb3 Qf6 57. Qg3+ Kh7 58. d5 Qd4 59. Qc3 Qe4 60. Qc2 Rxb4+ 61. Kc3 Qxc2+ 62. Kxc2 Kg7 63. Kc3 Rb7 64. Rc6 h5 65. Kd4 h4 66. d6 Kf6 67. Rc7 Rb1 68. Rxa7 h3 69. Ra2 Rh1 70. Rd2 Ke6 71. Ke4 Kd7 72. Kf3 Ra1 73. Kg3 Ra3+ 74. Kh2 Rf3 75. Rd1 Rf6 76. Kxh3 Rxd6 77. Re1 Rg6 78. Re4 Kd6 79. Rf4 Ke6 80. Rf3 f5 81. Rg3 Rh6+ 82. Kg2 f4 83. Rg5 1/2-1/2

[Event "VIE-chT (Women)"]
[Site "Ho Chi Minh City"]
[Date "2017.07.26"]
[Round "5.14"]
[White "Pham, Thanh Phuong Thao"]
[Black "Ton, Nu Hong An"]
[Result "0-1"]
[WhiteElo "1679"]
[BlackElo "1977"]
[PlyCount "86"]
[EventDate "2017.07.24"]
[EventType "team-swiss"]
[EventRounds "9"]
[EventCountry "VIE"]
[SourceTitle "EXT 2019"]
[Source "ChessBase"]
[SourceDate "2018.10.10"]
[SourceVersion "1"]
[SourceVersionDate "2018.10.10"]
[SourceQuality "1"]

1. d4 Nf6 2. Nf3 e6 3. Bf4 c5 4. e3 Qb6 5. Qc1 Nc6 6. c3 Nh5 7. Bg5 h6 8. Bh4 g5 9. Bg3 Nxg3 10. hxg3 Bg7 11. Bd3 g4 12. Ng1 cxd4 13. exd4 Nxd4 14. Nd2 Nc6 15. Nc4 Qc7 16. Ne2 d5 17. Ne3 Ne5 18. Bc2 Bd7 19. Nf4 Bb5 20. Qd1 0-0-0 21. Nh5 Nf3+ 22. gxf3 Bxc3+ 23. bxc3 Qxc3+ 24. Qd2 Qxa1+ 25. Bd1 gxf3 26. Nf4 Qe5 27. Rh5 Qd6 28. Bxf3 f5 29. Ne2 d4 30. Nd1 Bc6 31. Bxc6 bxc6 32. Rxh6 Rxh6 33. Qxh6 Qe5 34. Qf4 Qd5 35. a3 c5 36. Qh6 e5 37. Qa6+ Kb8 38. Nb2 d3 39. Nc3 Qf3 40. Nbd1 f4 41. Qb5+ Ka8 42. gxf4 d2+ 43. Kf1 Rf8 0-1

[Event "VIE-chT (Women)"]
[Site "Ho Chi Minh City"]
[Date "2017.07.25"]
[Round "3.14"]
[White "Nguyen, Xuan Nhi"]
[Black "Ton, Nu Hong An"]
[Result "0-1"]
[WhiteElo "1751"]
[BlackElo "1977"]
[PlyCount "70"]
[EventDate "2017.07.24"]
[EventType "team-swiss"]
[EventRounds "9"]
[EventCountry "VIE"]
[SourceTitle "EXT 2019"]
[Source "ChessBase"]
[SourceDate "2018.10.10"]
[SourceVersion "1"]
[SourceVersionDate "2018.10.10"]
[SourceQuality "1"]

1. d4 Nf6 2. c4 e6 3. Nf3 b6 4. g3 Ba6 5. b3 Bb4+ 6. Bd2 Bxd2+ 7. Nbxd2 d5 8. Bg2 0-0 9. 0-0 c5 10. Re1 Nc6 11. e3 Rc8 12. a3 cxd4 13. exd4 dxc4 14. Nxc4 Bxc4 15. bxc4 Na5 16. Ne5 Nxc4 17. Qa4 Na5 18. Rac1 Qd6 19. h4 h5 20. Bf3 Rxc1 21. Rxc1 Rd8 22. Nc6 Nxc6 23. Rxc6 Qd7 24. Qa6 Ng4 25. Rc2 g6 26. Kg2 Kg7 27. Bb7 Qxd4 28. Qxa7 Qd1 29. Rb2 Qc1 30. Qxb6 Rd1 31. Qb5 Rg1+ 32. Kf3 Qc3+ 33. Ke4 Re1+ 34. Re2 Nxf2+ 35. Kf4 Nh3+ 0-1

[Event "VIE-chT (Women)"]
[Site "Ho Chi Minh City"]
[Date "2017.07.24"]
[Round "1.17"]
[White "Nguyen, Vu Thu Hien"]
[Black "Ton, Nu Hong An"]
[Result "1/2-1/2"]
[WhiteElo "1924"]
[BlackElo "1977"]
[PlyCount "115"]
[EventDate "2017.07.24"]
[EventType "team-swiss"]
[EventRounds "9"]
[EventCountry "VIE"]
[SourceTitle "EXT 2019"]
[Source "ChessBase"]
[SourceDate "2018.10.10"]
[SourceVersion "1"]
[SourceVersionDate "2018.10.10"]
[SourceQuality "1"]

1. d4 Nf6 2. Nf3 e6 3. c4 b6 4. g3 Ba6 5. b3 Be7 6. Bg2 0-0 7. 0-0 d5 8. Ne5 c6 9. Bb2 Nfd7 10. Nxd7 Nxd7 11. Nd2 Rc8 12. e4 Bb4 13. Rc1 f5 14. e5 dxc4 15. bxc4 Nxe5 16. dxe5 Qxd2 17. Qb3 Bc5 18. Ba3 Qa5 19. Bxc5 Qxc5 20. Qa4 Qa5 21. Qxa5 bxa5 22. Rfd1 Rfd8 23. Rxd8+ Rxd8 24. Bxc6 Kf7 25. Bg2 Rd2 26. a4 Rd4 27. Bf1 Ke7 28. Kg2 Kd7 29. f4 Kc6 30. h3 Kc5 31. Rb1 Rd2+ 32. Kf3 Ra2 33. Rb8 Rxa4 34. Re8 Ra3+ 35. Kf2 Rb3 36. Rxe6 Rb6 37. Re7 Rb7 38. Rxb7 Bxb7 39. Bd3 g6 40. g4 Bc8 41. gxf5 gxf5 42. Ke3 a4 43. Bc2 Kxc4 44. Bxa4 Kc3 45. Bc6 Be6 46. h4 a5 47. Be8 Kb4 48. Kd4 a4 49. Bxa4 Kxa4 50. Kc5 Kb3 51. Kd6 Bf7 52. e6 Bg6 53. Ke5 Kc4 54. h5 Bxh5 55. Kxf5 Kd5 56. Kg5 Be8 57. Kf6 Bg6 58. e7 1/2-1/2

[Event "VIE-ch (Women)"]
[Site "Hanoi"]
[Date "2017.04.21"]
[Round "8"]
[White "Ton, Nu Hong An"]
[Black "Pham, Thi Thu Hien"]
[Result "0-1"]
[WhiteElo "1960"]
[BlackElo "2170"]
[PlyCount "72"]
[EventDate "2017.04.16"]
[EventType "swiss"]
[EventRounds "11"]
[EventCountry "VIE"]
[SourceTitle "CBM 178 Extra"]
[Source "ChessBase"]
[SourceDate "2017.06.22"]
[SourceVersion "1"]
[SourceVersionDate "2017.06.22"]
[SourceQuality "1"]

1. d4 d5 2. c4 e6 3. Nc3 Nf6 4. Bg5 Nbd7 5. cxd5 exd5 6. e3 c6 7. Qc2 Be7 8. Bd3 Nh5 9. Bxe7 Qxe7 10. Nge2 g6 11. 0-0-0 Nb6 12. h3 Be6 13. g4 Ng7 14. Ng3 0-0-0 15. Kb1 h5 16. Qe2 Rde8 17. f4 Bd7 18. Rde1 hxg4 19. hxg4 Rxh1 20. Nxh1 Qh4 21. Rg1 Qe7 22. Nd1 Rh8 23. Ng3 Kb8 24. Qf3 Ne8 25. f5 g5 26. e4 dxe4 27. Qxe4 Qd6 28. Qe5 f6 29. Qxd6+ Nxd6 30. Nf2 Nd5 31. Nfe4 Nxe4 32. Nxe4 b5 33. Bc2 Rh4 34. a4 Ne3 35. Bb3 bxa4 36. Bxa4 Nxg4 0-1

[Event "VIE-ch (Women)"]
[Site "Vietnam"]
[Date "2016.05.03"]
[Round "9"]
[White "Ton, Nu Hong An"]
[Black "Nguyen, Truong Bao Tran"]
[Result "0-1"]
[WhiteElo "1977"]
[BlackElo "1873"]
[PlyCount "81"]
[EventDate "2016.04.27"]
[EventType "swiss"]
[EventRounds "9"]
[EventCountry "VIE"]
[SourceTitle "CBM 172 Extra"]
[Source "ChessBase"]
[SourceDate "2016.06.21"]
[SourceVersion "1"]
[SourceVersionDate "2016.06.21"]
[SourceQuality "1"]

1. d4 g6 2. c4 Bg7 3. Nc3 d6 4. e4 Nf6 5. f3 0-0 6. Be3 c5 7. Nge2 Nc6 8. Qd2 Qa5 9. d5 Ne5 10. Ng3 h5 11. Bg5 Qb4 12. b3 a6 13. Rc1 Rb8 14. f4 Ned7 15. Be2 Re8 16. 0-0 b5 17. Kh1 bxc4 18. bxc4 Nh7 19. Bh4 Nb6 20. Qd3 Bd7 21. e5 dxe5 22. fxe5 Bxe5 23. Bxh5 Qxc4 24. Bxg6 Qxd3 25. Bxd3 Nf6 26. Nce4 Nfxd5 27. Rxc5 f6 28. Ne2 Nb4 29. Bb1 Rec8 30. a3 N4d5 31. Ba2 Rxc5 32. Nxc5 Bb5 33. Re1 Rc8 34. Bf2 Kh8 35. Nc1 Nf4 36. Be3 Nbd5 37. Bxd5 Nxd5 38. N1b3 Bd6 39. Bf2 Nf4 40. Kg1 Bc4 41. a4 0-1